50 Largest College Endowments Quiz Stats

 Plays Quiz Updated Mar 4, 2019

Score 0/50 Timer 10:00
1 Play Today
Endowment School % Correct
$27.5 billionHarvard University
98.5%
$16.7 billionYale University
96.5%
$14.4 billionPrinceton University
85.6%
$5.7 billionUniversity of Pennsylvania
82%
$2.2 billionBrown University
81.7%
$13.9 billionStanford University
79.6%
$14 billion*University of Texas
79.1%
$6.6 billionUniversity of Michigan
75.2%
$5.4 billionUniversity of California
72%
$6.5 billionColumbia University
72%
$4.8 billionDuke University
69.6%
$4.4 billionCornell University
69.3%
$2.9 billionUniversity of Southern California
68.6%
$2.4 billionNew York University
67.9%
$8.3 billionMassachusetts Institute of Technology
67.2%
$3 billionDartmouth College
67.1%
$2 billionUniversity of North Carolina at Chapel Hill
65.8%
$1.9 billionOhio State University
65.6%
$1.8 billionUniversity of Washington
64.2%
$4.5 billionWashington (St. Louis)
63.6%
$1.4 billionPennsylvania State University
61.5%
$3.9 billionUniversity of Virginia
60.6%
$5.9 billionNorthwestern University
54.5%
$1.3 billionUniversity of Illinois
54%
$5.2 billionUniversity of Notre Dame
53.9%
Endowment School % Correct
$1.4 billionIndiana University
53.4%
$1.6 billionUniversity of Wisconsin
52.4%
$1.4 billionMichigan State University
50.7%
$1.5 billionBoston College
50.4%
$5.6 billionUniversity of Chicago
50.2%
$2.2 billionUniversity of Minnesota
45.9%
$5.7 billion*Texas A&M University
45.1%
$3 billionVanderbilt University
44%
$1.5 billionCalifornia Institute of Technology
39%
$1.6 billionPurdue University
36.6%
$2 billionUniversity of Pittsburgh
36%
$3.8 billionRice University
34.1%
$2.4 billionJohns Hopkins University
28.4%
$4.7 billionEmory University
26.1%
$1.4 billionAmherst College
19.4%
$1.5 billionWilliams College
18.4%
$1.5 billionCase Western Reserve University
11.1%
$1.3 billionSwarthmore College
10.7%
$1.4 billionUniversity of Rochester
10.5%
$1.2 billionSmith College
10.1%
$1.3 billionWellesley College
9.9%
$1.6 billionUniversity of Richmond
7.9%
$1.5 billionPomona College
7.9%
$1.3 billionGrinnell College
4.4%
$1.6 billionRockefeller University
2.9%

You're not logged in!

Compare scores with friends on all Sporcle quizzes.
OR
Log In

Sporcle TV

Today on Sporcle TV


Watch our educational content, quiz creation guides, and fun videos on Sporcle TV.

Show Comments

Extras

Top Quizzes Today


Score Distribution

Your Account Isn't Verified!

In order to create a playlist on Sporcle, you need to verify the email address you used during registration. Go to your Sporcle Settings to finish the process.

Report this User

Report this user for behavior that violates our Community Guidelines.

Details: